<?xml version="1.0" encoding="UTF-8"?>
<record
    xmlns:xsi="http://www.w3.org/2001/XMLSchema-instance"
    xsi:schemaLocation="http://www.loc.gov/MARC21/slim http://www.loc.gov/standards/marcxml/schema/MARC21slim.xsd"
    xmlns="http://www.loc.gov/MARC21/slim">

  <leader>00695nam a2200193 a 4500</leader>
  <controlfield tag="001">2531</controlfield>
  <controlfield tag="005">20140414131923.0</controlfield>
  <controlfield tag="008">050602s19uu    xx            00    eng d</controlfield>
  <datafield tag="020" ind1=" " ind2=" ">
    <subfield code="a">0-671-44498-0</subfield>
  </datafield>
  <datafield tag="050" ind1=" " ind2=" ">
    <subfield code="a">ER</subfield>
    <subfield code="b">V54 1983</subfield>
  </datafield>
  <datafield tag="100" ind1=" " ind2=" ">
    <subfield code="a">Williams, Margery</subfield>
  </datafield>
  <datafield tag="245" ind1=" " ind2=" ">
    <subfield code="a">Velveteen rabbit (The) :</subfield>
    <subfield code="c">by Margery Williams ; illustrated by Tien.</subfield>
    <subfield code="b">or how toys become real /</subfield>
  </datafield>
  <datafield tag="260" ind1=" " ind2=" ">
    <subfield code="a">New York :</subfield>
    <subfield code="b">Little Simon,</subfield>
    <subfield code="c">1983.</subfield>
  </datafield>
  <datafield tag="300" ind1=" " ind2=" ">
    <subfield code="a">1 v.  p. : ill. ; cm.</subfield>
  </datafield>
  <datafield tag="520" ind1=" " ind2=" ">
    <subfield code="a">By the time the velveteen rabbit is dirty, worm out, and about to be burned, he had almost given up hope of ever finding the magic called Real.</subfield>
  </datafield>
  <datafield tag="650" ind1=" " ind2=" ">
    <subfield code="a">Toys</subfield>
    <subfield code="x">Fiction.</subfield>
  </datafield>
  <datafield tag="650" ind1=" " ind2=" ">
    <subfield code="a">Children stories.</subfield>
  </datafield>
  <datafield tag="999" ind1=" " ind2=" ">
    <subfield code="c">111849</subfield>
    <subfield code="d">111849</subfield>
  </datafield>
  <datafield tag="952" ind1=" " ind2=" ">
    <subfield code="0">0</subfield>
    <subfield code="1">0</subfield>
    <subfield code="4">0</subfield>
    <subfield code="5">0</subfield>
    <subfield code="a">MU</subfield>
    <subfield code="b">MU</subfield>
    <subfield code="c">ER</subfield>
    <subfield code="d">2005-06-02</subfield>
    <subfield code="e">Donation</subfield>
    <subfield code="l">0</subfield>
    <subfield code="o">ER V54 1983</subfield>
    <subfield code="p">M2754</subfield>
    <subfield code="r">2014-04-14 00:00:00</subfield>
    <subfield code="w">2014-04-14</subfield>
    <subfield code="y">BK</subfield>
  </datafield>
</record>
